[Event "Cap d'Agde Cavalier op"]
[Site "Cap d'Agde"]
[Date "2003.10.28"]
[Round "6"]
[White "Imbert, Charles"]
[Black "Tardif, Sebastien"]
[Result "1/2-1/2"]
[WhiteElo "1750"]
[BlackElo "1950"]
[PlyCount "106"]
[EventDate "2003.10.??"]
[EventType "swiss"]
[EventRounds "9"]
[EventCountry "FRA"]
[SourceTitle "EXT 2005"]
[Source "ChessBase"]
[SourceDate "2004.11.15"]
[SourceVersion "1"]
[SourceVersionDate "2004.11.15"]
[SourceQuality "1"]

1. e4 c5 2. Nf3 d6 3. Bc4 Nf6 4. d3 e6 5. Bb3 Nc6 6. c3 Be7 7. 0-0 0-0 8. Re1 Qc7 9. h3 b6 10. Nbd2 Ba6 11. Nf1 Rfd8 12. Qe2 Ne5 13. Bc2 Rac8 14. Nxe5 dxe5 15. c4 Nd7 16. b3 Nb8 17. Bb2 Nc6 18. Bc3 Rd7 19. Rad1 Rcd8 20. Qg4 Nd4 21. Bb1 f5 22. Qg3 fxe4 23. Rxe4 Bb7 24. Ree1 Qc6 25. Bxd4 exd4 26. Nd2 Rf8 27. Ne4 Bd6 28. Nxd6 Rxd6 29. Re5 Rf6 30. Rg5 Qc7 31. Qe5 Kh8 32. Re1 Rd7 33. Qxc7 Rxc7 34. Bc2 Rcf7 35. Re2 h6 36. Rge5 Bc8 37. Bd1 Rf5 38. a3 Rxe5 39. Rxe5 Rf5 40. Rxf5 exf5 41. Bf3 g6 42. h4 Kg7 43. g3 g5 44. hxg5 hxg5 45. Bc6 f4 46. Bd5 fxg3 47. fxg3 a5 48. Kf2 Bg4 49. Bf3 Bf5 50. Be2 Kf6 51. a4 Ke5 52. g4 Bg6 53. Kg3 Be8 1/2-1/2